Quiz sur le Toulouse FC (par lettre de A à Z) - Statistiques

Statistiques générales
  • Ce quiz a été pris 53 fois
  • Le résultat moyen est 16 sur 23
Statistiques - réponses
Lettre Indice Réponse % Correct
L Gardien formé au club qui évolue du côté de Nantes Lafont
98%
V Prénom du capitaine actuel Vincent
89%
P Restes, Mawissa, Keben, Diarra sont des .... Pitchouns
86%
C Prénom de l'entraîneur actuel Carles
84%
M Entraîneur lors du sacre en ligue 2 et en coupe de France Montanier
84%
K Milieu de terrain formé au club et parti pour la bundesliga en 2021 Koné
82%
I Prénom d'un joueur parti à Montpellier en 2023 Issiaga
80%
N Défenseur central qui a prolongé son contrat récemment Nicolaisen
80%
G Recrue hivernale auteur d'une très belle 2ème partie de saison Gboho
75%
H "...... ON FIRE" Healey
75%
E Attaquant suédois au club entre 2006 et 2008 Elmander
70%
W Prénom du latéral droit norvégien de l'effectif Warren
70%
Z Latéral prêté cette saison dans le championnat danois Zanden
66%
A Numéro 6 lors de la saison 2022-2023 Aboukhlal
64%
T Attaquant/milieu suédois au club entre 2016 et 2018 Toivonen
64%
B "oh hé, oh hé, oh hé, oh hé, ....." Branco
61%
D Bibiche Dejaegere
57%
F Attaquant jamaïcain auteur de 3 matchs seulement depuis sa signature en 2022 Flemmings
57%
S Milieu de terrain formé au club et parti en 2013 pour Newcastle Sissoko
57%
O Champion de ligue 2 cette saison Onaiwu
52%
R Milieu de terrain prêté au club en 2013 Rabiot
50%
J Attaquant passé par Toulouse de 2017 à 2020 avant de rejoindre Lens Jean
45%
Y Défenseur formé au club qui évolue maintenant dans le championnat de Chypre Yago
34%
Aucun quiz correspondant
Distribution des résultats
% des personnes avec chaque résultat
Percentile par nombre de réponses
Votre historique - résultats
Vous n’avez pas pris ce quiz